000 00855cam a2200241 a 4500
008
020 _a0872873390 (pbk.)
049 _aMAIN
090 _aLB1043.5
_bGRE
100 1 _aGreen, Lee.
245 1 0 _a501 ways to use the overhead projector /
_cLee Green ; illustrated by Don Dengerink.
260 _aLittleton :
_bLibraries Unlimited Inc.,
_c1982.
300 _a157 p. :
_bill. ;
_c28 cm.
504 _aIncludes bibliographical references.
650 0 _aOverhead projection
_vHandbooks, manuals, etc.
650 0 _aEducation, Elementary
_xCurricula
_xAudio-visual aids
_vHandbooks, manuals, etc.
740 0 _aFive hundred one ways to use the overhead projector.
907 _a.b10316450
_b12-09-12
_c07-08-12
003
005 20230123125440.0
040 _cNUST
942 _cBOOKS
_kLB1043.5
_mGRE
999 _c141694
_d141694